| 000 | 01779nam a22003494i 4500 | ||
|---|---|---|---|
| 001 | 991061305516406706 | ||
| 003 | ES-BaIT | ||
| 005 | 20260209085613.0 | ||
| 008 | 250325s1988 sp a||||r|||||0|| 0dspa|c | ||
| 017 |
_aDL M 41304-1988 _bOficina DL Madrid |
||
| 020 | _a8440434383 | ||
| 040 |
_aES-BaIT _bcat _erda _cES-BaIT |
||
| 080 | _a793.4.07 | ||
| 100 | 1 |
_aSánchez, José Ramón, _d1936- _eartista _9165725 |
|
| 245 | 1 | 0 |
_aNijinsky y los Ballets Rusos / _cJosé Ramón Sánchez |
| 264 | 1 |
_aMadrid : _bTabacalera Española : _bMinisterio de Cultura-Instituto Nacional de las Artes Escénicas y de la Música, _c1988 |
|
| 300 |
_a180 pàgines: _bil·lustracions en color; _c29 cm |
||
| 336 |
_atext _btxt _2rdacontent |
||
| 337 |
_asense mediació _bn _2rdamedia |
||
| 338 |
_avolum _bnc _2rdacarrier |
||
| 500 | _aCatàleg de l'exposició celebrada a Madrid, Centro Cultural Conde Duque, desembre 1988, on el dibuixant, il·lustrador i pintor José Ramon Sánchez homenatja a Nijinski | ||
| 500 | _aAmb dades biogràfiques de Nijinski i els Ballets russes i de José Ramón Sánchez | ||
| 504 | _aBibliografia, pàgina 180 | ||
| 505 | 8 | _aInclou els textos: Nijinsky y la modernidad / Juan A. Barranco Gallardo -- El genio y la locura / Ramón Herrero Marin -- Un homenaje justificado / Luis Maria Caruncho -- El legado de Nijinsky / Maya Plisetskaya -- El circulo mágico de José Ramón Sánchez / Mercedes Rico -- Nijinsky In Memoriam / José Ramón Sánchez | |
| 600 | 1 | 0 |
_aNijinski, Vàtslav, _d1890-1950 _xExposicions _9105156 |
| 610 | 0 |
_aBallets russes _xExposicions _2lemac _970530 |
|
| 650 | 4 |
_aBallarins de dansa clàssica _zRússia _yS. XX |
|
| 650 | 4 |
_aCompanyies de dansa clàssica _zRússia _yS. XX |
|
| 908 | _aCDMAE | ||
| 940 | _aCDMAE | ||
| 942 |
_2udc _c1 |
||
| 999 |
_c136069 _d136069 |
||